Stopové prvky v kukuřičných a ovesných silážích

Podrobná bibliografia
Hlavný autor: Kalač, Pavel (Autor)
Médium: Článok
Jazyk:slovenčina
čeština
Fyzický popis:Tb. 1., lit. 5 zázn. v češ., nem., angl.
Predmet:

MARC

LEADER 00000nab a2200000 a 4500
001 vtls000278652
003 SK-MaSNL
005 20260304074140.0
008 250422c1987 xo 0 slo
015 |a SNBRB19rr/mm-uuuuu 
035 |a CL0288770 
035 |a urn:nbn:sk:snk-abbgxu 
035 |a (urnnbn)urn:nbn:sk:snk:ar-008a9q 
035 |a (uuid)1aa7942e-4a27-4c41-97df-cf49956a7ec7 
040 |a SNKBUCL  |b slo  |c SNKBUCL  |e AACR2 
041 0 |a cze 
044 |a xo  |c SK 
080 |a 636.085.52.3:631.81.095.337  |2 1981 
080 |a 631.81.095.337  |2 1981 
100 1 |a Kalač, Pavel  |4 aut  |9 385749 
245 1 0 |a Stopové prvky v kukuřičných a ovesných silážích  |c Pavel Kalač 
300 |b Tb. 1., lit. 5 zázn. v češ., nem., angl. 
650 0 7 |a kukuričná siláž  |2 SNKPH  |9 133036 
650 0 7 |a ovsená siláž  |2 SNKPH  |9 217309 
650 0 7 |a stopové prvky  |2 SNKPH  |9 29124 
655 7 |a články z novín a časopisov  |2 SNK  |9 267496 
773 0 |t Agrochémia  |g Roč. 27, č. 4 (1987), s. 124-125 
850 |a Slovenská národná knižnica 
852 |a Slovenská národná knižnica 
954 |a odborná, vedecká literatúra cudzojazyčná (svetová)  |2 lita 
954 |a odborná, vedecká literatúra pôvodná (slovenská)  |2 lita 
958 |a article15 
958 |a OND 
958 |a NB 
958 |a RK 
958 |a CZ 
958 |a EUIPO 
992 |a RBX 
999 |c 2774849  |d 2776779